000 00460nam a22001697a 4500
005 20230706093036.0
008 230706b ||||| |||| 00| 0 eng d
040 _cAL
041 _aEnglish
082 _223
_a383/155
_bRAMT
100 _aB S Raman
_9125698
245 _aTextbook of Commerce for I Puc of Karnataka State
260 _aMangalore
_bUnited Publishers
_c1988
650 _aCommerce
_9125699
700 _aRAMAN (B S)
_9125700
942 _2ddc
_cBK
999 _c227755
_d227755